| 000 | 00606nam a2200205Ia 4500 | ||
|---|---|---|---|
| 008 | 160303s9999 xx 000 0 und d | ||
| 020 | _a978-0471-47065-6 | ||
| 050 | _aMAIN TX 911.3 | ||
| 050 | _b.M27H68 2007 | ||
| 245 | _aHotel management and operations / | ||
| 245 | _cedited by Denney G. Rutherford, Ivar Haglund and Michael J. O'Fallon. | ||
| 250 | _a4th Edition | ||
| 260 | _aNew Jersey : | ||
| 260 | _bJohn Wiley & Sons, Inc. | ||
| 260 | _c2007 | ||
| 300 | _a478 pages : | ||
| 300 | _c24 cm. | ||
| 500 | _aIncludes bibliographical references and index. | ||
| 650 | _aHotel management. | ||
| 999 |
_c291059 _d291059 |
||